Miasta w województwie pomorskim - Statystyki

Ogólne statystyki
  • Ten quiz został rozwiązany 104 razy
  • Średni wynik to 30 z 42
Statystyki odpowiedzi
Populacja Miasto % Poprawnych
486 492 Gdańsk
100%
242 141 Gdynia
100%
32 115 Sopot
99%
36 938 Malbork
94%
2 805 Hel
92%
86 027 Słupsk
92%
46 271 Wejherowo
92%
52 931 Rumia
87%
2 608 Jastarnia
86%
1 172 Krynica Morska
86%
3 064 Łeba
86%
37 011 Kwidzyn
85%
57 218 Tczew
83%
34 081 Lębork
82%
45 437 Starogard Gdański
82%
13 828 Ustka
82%
38 789 Chojnice
80%
9 295 Władysławowo
79%
32 093 Pruszcz Gdański
77%
9 499 Nowy Dwór Gdański
76%
16 448 Bytów
75%
28 588 Reda
75%
23 327 Kościerzyna
72%
9 175 Sztum
70%
10 555 Puck
69%
13 902 Kartuzy
68%
13 106 Człuchów
65%
7 206 Pelplin
58%
5 103 Brusy
56%
9 894 Czersk
56%
6 714 Żukowo
56%
2 657 Czarna Woda
54%
4 962 Dzierzgoń
54%
6 181 Gniew
54%
9 455 Miastko
54%
5 611 Czarne
52%
3 986 Nowy Staw
52%
8 156 Prabuty
51%
6 656 Skarszewy
51%
3 275 Kępice
46%
3 438 Skórcz
45%
4 868 Debrzno
38%
Nie znaleziono quizów pasujących do podanych kryteriów
Rozkład punktacji
Procent ludzi z każdym wynikiem
Percentyl według liczby udzielonych odpowiedzi
Twoja historia wyników
Nie rozwiązałeś tego quizu